Statistics for Countries by Initial Letter and Length #2 - One Minute Sprint

Click here to take the quiz!

General Stats

  • This quiz has been taken 866 times
  • The average score is 10 of 21

Answer Stats

hintcountry% Correct
C4Cuba
87%
C4Chad
84%
S5Spain
68%
S5Syria
63%
S5Samoa
58%
S5Sudan
54%
G6Gambia
53%
G6Greece
53%
A9Australia
51%
A9Argentina
49%
G6Guinea
47%
T6Turkey
47%
G6Guyana
46%
T6Tuvalu
42%
T6Taiwan
38%
B8Botswana
36%
M7Morocco
35%
M7Moldova
32%
B8Bulgaria
31%
M7Myanmar
31%
B8Barbados
28%

Score Distribution

Percentile by Number Answered

Percent of People with Each Score

Your Score History

You have not taken this quiz